| 000 | 00507nam a2200169 i 4500 | ||
|---|---|---|---|
| 001 | 129281 | ||
| 003 | ES-MaACL | ||
| 005 | 20230906193454.0 | ||
| 007 | t| | ||
| 008 | 070611q19501959sp ||||1| spa d | ||
| 100 | 0 |
_aTeresa de Jesús, _cSanta, _d1515-1582 _9226510 |
|
| 245 | 1 | 0 |
_aObras completas / _cSanta Teresa de Jesús ; estudio preliminar por Luis Santullano. |
| 260 |
_aMadrid : _bEspasa Calpe, _c[195-?] |
||
| 300 |
_a1400 p. ; _c18 cm. |
||
| 852 |
_aES-MaACL _jB-6777 |
||
| 999 |
_c129281 _d129281 |
||